| 000 | 00535nam a22001817a 4500 | ||
|---|---|---|---|
| 003 | CEME | ||
| 005 | 20210628205716.0 | ||
| 008 | 210316b xxu||||| |||| 00| 0 eng d | ||
| 020 | _a0-89871-309-9 | ||
| 040 | _c. | ||
| 082 | _a515.2433 MEY | ||
| 100 |
_aRyan, Robert.D Meyer, Yves _976766 |
||
| 245 | _aWavelets algorithms and applications | ||
| 260 |
_aUSA _bSOCIETY FOR INDUSTRIAL & APPLIED MATHEMATICS _c1993 |
||
| 300 | _a133P | ||
| 650 |
_aWAVELETS TIME-FREQUENCY ANALYSIS TIME-FREQUENCY ALGORITHMS _976767 |
||
| 942 |
_cBK _2ddc |
||
| 999 |
_c582100 _d582100 |
||